000 00907nam a2200277Ia 4500
001 Para_5467
003 CHAP
008 220125s1987 xx 000 0 und d
010 _a203808
040 _cCHAP
082 _aPA 632 C6 1987
111 _aCongreso Nacional de la Sociedad de Fitopatología (14: 1987: Morelia, Mich.)
_9169724
245 _aMemorias /
_c Sociedad Mexicana de Fitopatología, Universidad Michoacana de San Nicolás de Hidalgo
260 _aMorelia, Mich. :
_b La Sociedad
300 _a136 p.
650 _aFitopatología
_x Congresos
_941165
710 _aSociedad Mexicana de Fitopatología
_9108088
710 _aUniversidad Michoacana de San Nicolás de Hidalgo
_9116480
901 _aPA 632 C6 1987
902 _aA
905 _a0000001987 MOR 0000000000 00
910 _a1987
942 _cPARA
942 _cPARA
_d1
999 _c203808
_d203808